| 000 | 00736cam a2200265 4500 | ||
|---|---|---|---|
| 008 | 090401t1997 xxu||||| |||| 00| 0 eng d | ||
| 020 | _a1898199515 | ||
| 035 | _a(Sirsi) u77456 | ||
| 041 | _aeng | ||
| 050 | _a306.13 | ||
| 100 | _aRadley, Stephen | ||
| 245 | _aSustainable home ownership : a new concept. a report for the Joseph Rowntree Foundation. | ||
| 260 |
_aYork _bJoseph Rowntree Foundation _c1997 |
||
| 350 | _a9.5 | ||
| 650 | _aHOME OWNERSHIP | ||
| 650 | _aHOUSING MARKET | ||
| 650 | _aOWNER-OCCUPATION | ||
| 650 | _aSUSTAINABLE HOME OWNERSHIP | ||
| 650 | _aTRENDS | ||
| 690 | _aHOUSING | ||
| 710 |
_aHenley Centre _91868 |
||
| 710 |
_aJoseph Rowntree Foundation _92318 |
||
| 942 | _n0 | ||
| 948 | _c27/03/1997 | ||
| 999 |
_c96313 _d96313 |
||